Když jazýčkem zacvičíme, krásně se hned rozmluvíme : pohádky pro logopedickou prevenci /

Uloženo v:
Hlavní autor: Kotová, Marcela, 1976- (Autor)
Další autoři: Hegerová, Vendula, 1976- (Autor)
Médium: Kniha
Jazyk:Czech
Vydáno: Praha : Portál, 2022
Vydání:Vydání první
Témata:
Celkem bylo vypůjčeno:0x
Tagy:
Žádné tagy
LEADER 02158nam a2200553 i 4500
001 106442
003 CZ PrNK
005 20260602124854.0
007 ta
008 220324s2022 xr a a f 000 0 cze
015 |a cnb003402822 
020 |a 9788026218951  |q (brožováno) 
040 |a ABA001  |b cze  |d OLA001  |e rda 
072 7 |a 376  |x Výchova a vzdělávání zvláštních skupin osob  |2 Konspekt  |9 22 
080 |a 376-056.264-021.67  |2 MRF 
080 |a 316.346.32-053.4  |2 MRF 
080 |a 81'233  |2 MRF 
080 |a 159.932  |2 MRF 
080 |a 159.946.4  |2 MRF 
080 |a (072)  |2 MRF 
080 |a (076.1)  |2 MRF 
100 1 |a Kotová, Marcela,  |d 1976-  |7 hka20191031794  |4 aut  |9 112782 
245 1 0 |a Když jazýčkem zacvičíme, krásně se hned rozmluvíme :  |b pohádky pro logopedickou prevenci /  |c Marcela Kotová ; ilustrace Vendula Hegerová 
250 |a Vydání první 
264 1 |a Praha :  |b Portál,  |c 2022 
300 |a 61 stran :  |b ilustrace ;  |c 30 cm 
336 |a text  |b txt  |2 rdacontent 
336 |a statický obraz  |b sti  |2 rdacontent 
337 |a bez média  |b n  |2 rdamedia 
338 |a svazek  |b nc  |2 rdacarrier 
650 0 7 |a logopedická prevence  |7 ph980751  |2 czenas 
650 0 7 |a děti předškolního věku  |7 ph119710  |2 czenas  |9 1682 
650 0 7 |a řečové dovednosti  |7 ph128299  |2 czenas  |9 1583 
650 0 7 |a sluchové vnímání  |7 ph116185  |2 czenas  |9 85074 
650 0 7 |a grafomotorika  |7 ph120600  |2 czenas  |9 3871 
650 0 9 |a preventing speech and language disorders  |2 eczenas 
650 0 9 |a preschool children  |2 eczenas  |9 52191 
650 0 9 |a speech ability  |2 eczenas 
650 0 9 |a auditory perception  |2 eczenas 
650 0 9 |a graphomotorics  |2 eczenas 
655 7 |a metodické příručky  |7 fd132826  |2 czenas  |9 53711 
655 7 |a pracovní sešity  |7 fd133116  |2 czenas  |9 103 
655 9 |a methodological manuals  |2 eczenas 
655 9 |a activity books  |2 eczenas 
700 1 |a Hegerová, Vendula,  |d 1976-  |7 ola2003204967  |4 ill  |9 15752 
910 |a UOG502 
942 |2 ddc  |c KN 
999 |d 106442 
993 |0 0  |1 421180107156  |2 ddc  |4 0  |6 37_000000000000000  |7 0  |9 99869  |b 0  |c 107156  |d 2026-06-02  |e 0  |f M  |g 37  |h 199.00  |i Koupě  |l M  |r 2026-06-02  |t 7  |w 2026-06-02  |y KN  |z NAUCNA  |n